000 00191 a2200097 4500
001 7864
100 _aWollaso
245 _aChina in the morning
260 _a
_bCape
_c
090 _c6310
_d6310
942 _aNUST-CAE
_cM
_c32835
999 _c242937
_d242937